000 00333 a2200157 4500
001 178994
020 _a
040 _cMagnum
100 _aGewandsznajder, Fernando
240 1 0 _aSexo e reproducao
_lpor
245 1 0 _aSexo e reproducao
362 0 _a1899
440 1 _aÁtica
697 _aMAGNITO: PARADIDATICOS
942 _cBK
999 _c178994
_d178994